MARC details
| 000 -LEADER |
| fixed length control field |
00944nam a2200241 a 4500 |
| 008 - FIXED-LENGTH DATA ELEMENTS--GENERAL INFORMATION |
| fixed length control field |
160223s1993 ||||||||||||||||| || u |
| 020 ## - INTERNATIONAL STANDARD BOOK NUMBER |
| International Standard Book Number |
0195208838 |
| 050 ## - LIBRARY OF CONGRESS CALL NUMBER |
| Classification number |
IBRD(06)PEP/1993/2 |
| 100 ## - MAIN ENTRY--PERSONAL NAME |
| Personal name |
Rottenberg, Simon |
| 245 10 - TITLE STATEMENT |
| Title |
Costa Rica and Uruguay |
| Statement of responsibility, etc. |
Edited by Simon Rottenberg |
| 260 ## - PUBLICATION, DISTRIBUTION, ETC. |
| Place of publication, distribution, etc. |
Washington, D.C. |
| Name of publisher, distributor, etc. |
World Bank |
| Date of publication, distribution, etc. |
1993 |
| 300 ## - PHYSICAL DESCRIPTION |
| Extent |
xiv, 424p.: ill. |
| 490 ## - SERIES STATEMENT |
| Series statement |
Political Economy of Poverty, Equity, and Growth |
| 490 ## - SERIES STATEMENT |
| Series statement |
World Bank Comparative Study |
| 650 #0 - SUBJECT ADDED ENTRY--TOPICAL TERM |
| Topical term or geographic name entry element |
COSTA RICA--ECONOMIC CONDITIONS--1948 |
| 650 ## - SUBJECT ADDED ENTRY--TOPICAL TERM |
| Topical term or geographic name entry element |
URUGUAY--ECONOMIC CONDITIONS--1945- |
| 650 ## - SUBJECT ADDED ENTRY--TOPICAL TERM |
| Topical term or geographic name entry element |
INCOME DISTRIBUTION--COSTA RICA--HISTORY |
| 650 ## - SUBJECT ADDED ENTRY--TOPICAL TERM |
| Topical term or geographic name entry element |
POOR--COSTA RICA--HISTORY |
| 650 ## - SUBJECT ADDED ENTRY--TOPICAL TERM |
| Topical term or geographic name entry element |
INCOME DISTRIBUTION--URUGUAY--HISTORY |
| 650 ## - SUBJECT ADDED ENTRY--TOPICAL TERM |
| Topical term or geographic name entry element |
POOR--URUGUAY--HISTORY |
| 710 ## - ADDED ENTRY--CORPORATE NAME |
| Corporate name or jurisdiction name as entry element |
World Bank |
| 995 ## - RECOMMENDATION 995 [LOCAL, UNIMARC FRANCE] |
| -- |
CBU-MAIN LIBRARY (Kitwe) |
| -- |
1 |
| -- |
AVAILABLE |
| -- |
Feb 23, 2016 |
| -- |
International Publications |